| 000 | nam a22 7a 4500 | ||
|---|---|---|---|
| 999 |
_c4903 _d235407 |
||
| 020 | _a9789873886218 | ||
| 080 | _a343.819. An 48 | ||
| 100 | _aAngriman, Graciela Julia | ||
| 245 | _aDerechos de las Mujeres, Género y Prisión | ||
| 260 |
_aCiudad Autónoma de Buenos Aires _bCáthedra Jurídica _c2017 |
||
| 300 |
_a667 P. _c23 X 16 Cm. |
||
| 650 | _xderechos humanos | ||
| 945 |
_acd _d2018-12-11 |
||
| 942 | _6_ | ||